00000000nam##2200000za#4500
0019.532893
003CaOODSP
00520210615083117
007ta
008150406|2000||||xxc|||||     f|0| 0 fre|d
020 |a0-662-64566-9
040 |aCaOODSP|bfre
041 |aeng
041 |afre
043 |an-cn---
0861 |aC21-25/9-1999
1101 |aCanada.|bIndustrie Canada. |bDirection de l'analyse micro-économique.
24513|aLe Canada manque-t-il le bateau technologique? : |bexamen des données sur les brevets / |cpar Manuel Trajtenberg.
260 |aOttawa - Ontario : |bIndustrie Canada. |c2000.
300 |aTexte français, 48p. : |bgraphiques, tableaux ; |c28 cm.
4901 |aDocument de discussion|v9
500 |a«Dans ce document, nous tentons de jeter un peu de lumière sur la performance du Canada au chapitre de l'innovation en examinant des données très détaillées couvrant l'ensemble des brevets octroyés aux États-Unis à des inventeurs canadiens et une partie des brevets américains accordés à des ressortissants d'autres pays.»--Introduction.
504 |aBibliographie.
5203 |aDans ce document, nous tentons de jeter un peu de lumière sur la performance du Canada au chapitre de l'innovation en examinant des données très détaillées couvrant l'ensemble des brevets octroyés aux États-Unis à des inventeurs canadiens et une partie des brevets américains accordés à des ressortissants d'autres pays.--Introduction
546 |aBilingue
563 |aCouverture souple
590 |a00-51|b2000-12-29
69107|aBrevet|2gcpds
69107|aInnovation technologique|2gcpds
69107|aProductivité industrielle|2gcpds
69107|aPropriété intellectuelle|2gcpds
7201 |aTrajtenberg, Manuel
7760#|tIs Canada missing the "technology boat"? |w(CaOODSP)9.571969
7760#|tLe Canada manque-t-il le « bateau technologique »? |w(CaOODSP)9.602389
791 |tIs Canada missing the "technology boat"? : |eeng|w(CaOODSP)9.532892
830#0|aDocument de discussion ;|v9|w(CaOODSP)9.509055